000 00281nam a22001337a 4500
008 170807b xxu||||| |||| 00| 0 eng d
020 _a9780072119763
041 _aeng
080 _23RD
_a004
100 _a34
101 _aSHK
245 _aJAVA 2
_cNAUGHTON,P
942 _2udc
_cBK
999 _c22817
_d22817